Dictionary for BCA and MCA / (Record no. 60320)
[ view plain ]
| 000 -LEADER | |
|---|---|
| fixed length control field | 00744nam a22002177a 4500 |
| 005 - DATE AND TIME OF LATEST TRANSACTION | |
| control field | 20130612124510.0 |
| 010 ## - LCCN (DPL NO) | |
| LC control number | ENG-104589 |
| 020 ## - INTERNATIONAL STANDARD BOOK NUMBER | |
| International Standard Book Number | 9789380929002 |
| Terms of availability | 850.00 |
| 035 ## - SYSTEM CONTROL NUMBER | |
| System control number | EN-88122 |
| 035 ## - SYSTEM CONTROL NUMBER | |
| System control number | B-519631 |
| 037 ## - SOURCE OF ACQUISITION | |
| Source of stock number/acquisition | DBAD/PUB |
| 037 ## - SOURCE OF ACQUISITION | |
| Source of stock number/acquisition | Mallika Books/Ven |
| 082 ## - DEWEY DECIMAL CLASSIFICATION NUMBER | |
| Classification number | 004.03 |
| 100 ## - MAIN ENTRY--PERSONAL NAME | |
| Personal name | Sharma, Nand Bhai |
| 245 ## - TITLE STATEMENT | |
| Title | Dictionary for BCA and MCA / |
| Statement of responsibility, etc | by Nand Bhai Sharma |
| 260 ## - PUBLICATION, DISTRIBUTION, ETC. (IMPRINT) | |
| Place of publication, distribution, etc | Jaipur |
| Name of publisher, distributor, etc | DND Publications |
| Date of publication, distribution, etc | 2011 |
| 270 ## - ADDRESS | |
| Address | 2, Shivgyan Avenue, (B-7), Near Yojna Bhawan, Yudishter Marg, C-Scheme |
| City | Jaipur |
| Postal code | 302001 |
| 300 ## - PHYSICAL DESCRIPTION | |
| Extent | viii,400p. |
| Dimensions | 22cm(Hb) |
| 942 ## - ADDED ENTRY ELEMENTS (KOHA) | |
| Source of classification or shelving scheme | Dewey Decimal Classification |
| Item type | English Books |
| Call number suffix | SHA |
| Classification part | 004.03 |
| Withdrawn status | Lost status | Not for loan | Collection code | Home library | Current library | Date acquired | Source of acquisition | Cost, normal purchase price | Full call number | Barcode | Copy number | Cost, replacement price | Koha item type |
|---|---|---|---|---|---|---|---|---|---|---|---|---|---|
| Not For Loan | Non-fiction | D.B.Act.Division | D.B.Act.Division | 05/01/2012 | DBAD/PUB | 850.00 | 004.03 SHA | EN-88122 | 1 | 850.00 | English Books | ||
| Reference | Sarojini Nagar | Sarojini Nagar | 12/06/2013 | Mallika Books/109/28.03.2013/205/22.03.2013/28.03.2013 | 850.00 | 004.03 SHA | B-519631 | 1 | 850.00 | English Books |
